[Event "CAN-ch U12"]
[Site "Richmond Hill"]
[Date "2011.07.08"]
[Round "7"]
[White "Plante, Norman"]
[Black "Yilmaz, Burak"]
[Result "0-1"]
[WhiteElo "541"]
[BlackElo "1032"]
[PlyCount "54"]
[EventDate "2011.07.06"]
[EventType "swiss"]
[EventRounds "7"]
[EventCountry "CAN"]
[SourceTitle "EXT 2022"]
[Source "ChessBase"]
[SourceDate "2021.10.06"]
[SourceVersion "1"]
[SourceVersionDate "2021.10.06"]
[SourceQuality "1"]

1. e4 e5 2. Nc3 Nf6 3. Nf3 Nc6 4. h3 Bb4 5. a3 Ba5 6. b4 Bb6 7. g4 h6 8. Rg1 d6 9. g5 hxg5 10. Nxg5 Bd7 11. Bc4 Rf8 12. d3 Bd4 13. Be3 Bxc3+ 14. Kf1 Bxa1 15. Qxa1 Nd4 16. Bxf7+ Rxf7 17. Qa2 Qe7 18. h4 Be6 19. c4 0-0-0 20. a4 Rh8 21. b5 Ng4 22. a5 Nxe3+ 23. Ke1 Nf3+ 24. Ke2 Nxg1+ 25. Kxe3 Rxh4 26. b6 Qxg5+ 27. f4 Qxf4# 0-1